000 00740nam a2200241Ia 4500
003 OSt
005 20220925211358.0
006 a|||||r|||| 00| 0
007 ta
008 220923b |||||||| |||| 00| 0 eng d
037 _cGeneral Book
040 _aRTL
_cRTL
_beng
041 _2eng
_aeng
082 _aX9(M17).44Q7.N6g, K6
100 _aUsmani M Adil
_9274481
245 0 _aPakistan book trade directory
260 _aKarachi
_bLibrary Promotion Bureau
_c1966
300 _axvi, 204p.
_ccm.
650 _aBook Selling Industry
_9240771
700 _a Sabzwari Ghaniul A Akram
_9274482
942 _hX9(M17).44Q7.N6g, K6
_cGB
_2CC
999 _c557479
_d557479